Интерпретация результатов гидрогеохимического опробования при поисках россыпного золота в бассейне р.Чугуна; Проблемы геологии и освоения недр; Т. 1
| Parent link: | Проблемы геологии и освоения недр: труды XVIII Международного симпозиума имени академика М. А. Усова студентов и молодых ученых, Томск, 7-11 апреля 2014 г./ Национальный исследовательский Томский политехнический университет (ТПУ), Институт природных ресурсов (ИПР) ; Общество инженеров-нефтяников, международная некоммерческая организация, Студенческий чаптер ; под ред. А. Ю. Дмитриева.— , 2014 Т. 1.— [С. 501-504] |
|---|---|
| Autor principal: | |
| Autor corporatiu: | |
| Altres autors: | |
| Sumari: | Заглавие с экрана |
| Idioma: | rus |
| Publicat: |
|
| Col·lecció: | Гидрогеохимия и гидрогеоэкология Земли. Геоинформационные системы в гидрогеоэкологии |
| Matèries: | |
| Accés en línia: | http://earchive.tpu.ru/handle/11683/65910 http://www.lib.tpu.ru/fulltext/c/2014/C11/V1/241.pdf |
| Format: | MixedMaterials Electrònic Capítol de llibre |
| KOHA link: | https://koha.lib.tpu.ru/cgi-bin/koha/opac-detail.pl?biblionumber=608304 |
MARC
| LEADER | 00000naa2a2200000 4500 | ||
|---|---|---|---|
| 001 | 608304 | ||
| 005 | 20260319140324.0 | ||
| 035 | |a (RuTPU)RU\TPU\conf\5734 | ||
| 035 | |a RU\TPU\conf\5733 | ||
| 090 | |a 608304 | ||
| 100 | |a 20140925d2014 k y0rusy50 ca | ||
| 101 | 0 | |a rus | |
| 102 | |a RU | ||
| 135 | |a drcn ---uucaa | ||
| 181 | 0 | |a i | |
| 182 | 0 | |a b | |
| 200 | 1 | |a Интерпретация результатов гидрогеохимического опробования при поисках россыпного золота в бассейне р.Чугуна |f А. А. Винокурова |g науч. рук. Е. М. Дутова | |
| 203 | |a Текст |c электронный | ||
| 225 | 1 | |a Гидрогеохимия и гидрогеоэкология Земли. Геоинформационные системы в гидрогеоэкологии | |
| 300 | |a Заглавие с экрана | ||
| 320 | |a [Библиогр.: с. 503-504 (3 назв.)] | ||
| 337 | |a Adobe Reader | ||
| 461 | 1 | |0 (RuTPU)RU\TPU\conf\5590 |t Проблемы геологии и освоения недр |o труды XVIII Международного симпозиума имени академика М. А. Усова студентов и молодых ученых, Томск, 7-11 апреля 2014 г. |o в 2 т. |f Национальный исследовательский Томский политехнический университет (ТПУ), Институт природных ресурсов (ИПР) ; Общество инженеров-нефтяников, международная некоммерческая организация, Студенческий чаптер ; под ред. А. Ю. Дмитриева |d 2014 | |
| 463 | 1 | |0 (RuTPU)RU\TPU\conf\5592 |t Т. 1 |v [С. 501-504] | |
| 610 | 1 | |a труды учёных ТПУ | |
| 610 | 1 | |a электронный ресурс | |
| 610 | 1 | |a гидрогеохимическое опробование | |
| 610 | 1 | |a россыпное золото | |
| 610 | 1 | |a химический состав | |
| 610 | 1 | |a поверхностные воды | |
| 610 | 1 | |a реки | |
| 610 | 1 | |a золото | |
| 700 | 1 | |a Винокурова |b А. А. | |
| 702 | 1 | |a Дутова |b Е. М. |c гидрогеолог |c профессор Томского политехнического университета, доктор геолого-минералогических наук |f 1956- |g Екатерина Матвеевна |4 727 | |
| 712 | 0 | 2 | |a Национальный исследовательский Томский политехнический университет (ТПУ) |b Институт природных ресурсов (ИПР) |b Кафедра гидрогеологии, инженерной геологии и гидрогеоэкологии (ГИГЭ) |3 (RuTPU)RU\TPU\col\18664 |
| 801 | 2 | |a RU |b 63413507 |c 20210915 |g RCR | |
| 856 | 4 | |u http://earchive.tpu.ru/handle/11683/65910 | |
| 856 | 4 | |u http://www.lib.tpu.ru/fulltext/c/2014/C11/V1/241.pdf | |
| 942 | |c BK | ||